Sociology: (Record no. 1807)

MARC details
000 -LEADER
Fixed length control field 00566nam a2200217Ia 4500
003 - CONTROL NUMBER IDENTIFIER
Control field IIN
005 - DATE AND TIME OF LATEST TRANSACTION
Control field 20250507113017.0
008 - FIXED-LENGTH DATA ELEMENTS--GENERAL INFORMATION
Fixed length control field 250507s2022 xx ad 001 0 eng d
020 ## - INTERNATIONAL STANDARD BOOK NUMBER / ISBN
Price Rs.495.00
International Standard Book Number 9789374734964
040 ## - CATALOGING SOURCE
Original cataloging agency IIN
Language of cataloging English
082 ## - DEWEY DECIMAL CLASSIFICATION NUMBER
Classification number 301
Book Number JAI
100 1# - MAIN ENTRY--PERSONAL NAME
Personal name Jain, Roshni
245 1# - TITLE STATEMENT
Title Sociology:
Sub title an Introduction to Sociology/
Statement of responsibility Roshni Jain
250 ## - EDITION STATEMENT
Edition statement 2nd ed.
260 ## - IMPRINT
Place of publication Delhi
Name of publisher AITBS
Date of publication 2012
300 ## - PHYSICAL DESCRIPTION
Page / Vol. No viii, 830 p.
Other physical details ill.
500 ## - GENERAL NOTE
General note Includes Index
650 1# - SUBJECT ADDED ENTRY--TOPICAL TERM
Topical term Sociology
650 1# - SUBJECT ADDED ENTRY--TOPICAL TERM
Topical term Sociology
Form subdivision Nursing
942 ## - ADDED ENTRY ELEMENTS (KOHA)
Koha item type Books
Holdings
Withdrawn status Lost status Source of classification Damaged status Not for loan Collection code Home library Current library Shelving location Date acquired Price Total Checkouts Call number Accession number Date last seen Price effective from Koha item type
    Dewey Decimal Classification     Purches Book IDEAL INSTITUTE OF NURSING IDEAL INSTITUTE OF NURSING General Stacks 11/03/2025 495.00   301 JAI 2001 07/05/2025 07/05/2025 Books
© Ideal Institute Of Nursing, All rights reserved.         Powered by Koha